El general Pinochet y el mesianismo político

Saved in:
Bibliografiske detaljer
Hovedforfatter: Lagos Schuffeneger, Humberto (Author)
Format: Bog
Sprog:spansk
Udgivet: Santiago LOM 2001
Udgivelse:1a. ed
Serier:Colección Septiembre
Fag:
Tags: Tilføj Tag
Ingen Tags, Vær først til at tagge denne postø!

MARC

LEADER 00000nam a2200000 a 4500
001 UCI1577
003 CL-VaPUC
008 070706e20010000CL |||||||||||||||||spa|d
020 |a 9562823415 
082 0 4 |a 320.983  |b LAG  |2 21 
100 |a Lagos Schuffeneger, Humberto  |e author  |9 522161 
245 1 3 |a El general Pinochet y el mesianismo político 
250 |a 1a. ed 
300 |a 77 p 
942 |c BK 
945 |d 20070706 00:00:00  |a jtorresc 
260 |a Santiago  |b LOM  |c 2001 
600 0 |a Pinochet Ugarte, Augusto,  |e 1915-2006  |9 374419 
650 0 |a Ideologías políticas   |9 255735 
650 0 |a Movimientos políticos   |9 338922 
650 7 |a MESIANISMO  |2 CL-VaPUC  |9 321696 
651 7 |a CHILE  |2 CL-VaPUC  |9 522162 
583 |a last modification  |c 20070706 00:00:00  |k Rodrigo Vera 
490 0 |a Colección Septiembre 
999 |c 326360  |d 326358 
952 |0 0  |1 0  |4 0  |6 320_983000000000000_LAG_2001  |7 0  |8 A  |9 408219  |a BIBHIS  |b BIBHIS  |d 2019-11-22  |i 4353358  |o 320.983 LAG 2001  |p 4353358  |r 2025-01-20  |w 2019-11-22  |y BK  |k HIS